000 01066nam a2200301 i 4500
003 EG-GICUC
005 20260426095538.0
008 260426s1945 fr fr|||| 001 0 fre d
040 _aEG-GiCUC
_bfre
_cEG-GiCUC
_dEG-GiCUC
_eRda
041 _afre
082 0 4 _221
_a343.7
_bPI . P
092 0 4 _221
099 _aLaw1 10 343.7 PI . P 1945
100 1 _a Pinatel, Jean,
_eAuteur
245 1 0 _a Précis De Science Pénitentiaire :
_bLégislation Pénitentiaire, Administration Pénitentiaire, Problème De La Criminalité Juvénile /
_c Par Jean Pinatel.
264 _aParis :
_b Librairie Du Recueil Sirey,
_c1945 .
300 _a435 page;
_c 24 cm.
336 _2rda contenu
_a texte
337 _2rda medias
_aOrdinateur
338 _2 transporteur rda
_a Ressource en ligne
504 _aComprend des références bibliographiques et un index.
546 _aTexte en français
650 1 _aDroit pénal
_2qrmak
651 1 _2qrmak
856 4 0 _uhttps://fll.law.cu.edu.eg/fulltext/bks/B10-11344.pdf
905 _a167
942 _2ddc
_cBK
_e21
_n0
999 _c73419
_d73419